Statistics for Popular Minecraft Youtubers

Click here to take the quiz!

General Stats

  • This quiz has been taken 122 times
  • The average score is 6 of 15

Answer Stats

HintAnswer% Correct
Also considered best minecraft playerDream
91%
Considered best minecraft playerTechnoblade
68%
Is Dream's close friend.Georgenotfound
67%
Is constantly bullied by Technoblade in the Dream SMPTommyinnit
58%
One of the best redstoners out thereMumbo Jumbo
55%
Used to have two people, a man and a woman, who constantly did lucky block videos togetherPopularMMOs
42%
Has a lave skinPrestonplayz
41%
3rd most subscribed channel on youtubePewdiepie
38%
Plays many games, of which include minecraft roblox, and pokemon gamesDanTDM
31%
Is in a serer call Insane CraftSsundee
22%
Has multiple friends, including Ein and ZaneAphmau
20%
Does minecraft videos with Preston and both are very good friendsUnspeakableGaming
18%
Is part of the red light green light squadJelly
7%
Youtube logo is a penguinTheAtlanticCraft
5%
Has over 10 mil subsCaptainSparkelz
3%

Score Distribution

Percentile by Number Answered

Percent of People with Each Score

Your Score History

You have not taken this quiz